Statistiques concernant 15 principaux pays touchés par Covid-19 - 3 septembre

Cliquez ici pour prendre le quiz!

Statistiques générales

  • Ce quiz a été pris 23 fois
  • Le résultat moyen est 10 sur 24

Statistiques - réponses

pays% Correct
Etats-Unis
95%
Brésil
82%
Inde
77%
Argentine
68%
Mexique
68%
Russie
68%
Royaume-Uni
59%
Espagne
50%
Chili
45%
Chili
45%
Pérou
41%
Colombie
36%
Iran
36%
Afrique du Sud
32%
Arabie Saoudite
32%
Bangladesh
32%
Bolivie
32%
Panama
32%
Qatar
27%
Koweït
23%
Bahreïn
18%
Israël
18%
Oman
14%
Arménie
5%

Distribution des résultats

Percentile par nombre de réponses

% des personnes avec chaque résultat

Votre développement - résultats

Vous n’avez pas pris ce quiz